Pays d'origine des joueurs de LaLiga espagnole - Statistiques

Statistiques générales
  • Ce quiz a été pris 342 fois
  • Le résultat moyen est 13 sur 20
Statistiques - réponses
Nombre de joueurs Pays % Correct
439 Espagne
99%
24 France
99%
28 Brésil
92%
39 Argentine
90%
12 Portugal
88%
4 Allemagne
86%
13 Maroc
84%
6 Belgique
75%
5 Pays-Bas
70%
9 Sénégal
67%
16 Uruguay
65%
7 Colombie
62%
4 Croatie
59%
4 Côte d'Ivoire
48%
5 Danemark
47%
3 Mali
43%
5 Ghana
40%
3 Nigeria
40%
10 Serbie
40%
3 Slovaquie
24%
Aucun quiz correspondant
Distribution des résultats
% des personnes avec chaque résultat
Percentile par nombre de réponses
Votre historique - résultats
Vous n’avez pas pris ce quiz